000 00529nam a2200181Ia 4500
008 151202s9999||||xx |||||||||||||| ||und||
082 _bPNVM-45614
100 _aलागू श्रीराम.
245 _aलमाण.
260 _b"पॉप्युलर प्रकाशन,मुंबई."
260 _c2004
300 _a335
600 _aलागू श्रीराम.
630 _aलमाण.
700 _aलागू श्रीराम.
730 _aलमाण.
942 _cBOOK
999 _c1311565
_d1311562